Retrouvez ces joueurs de football #13 - Statistiques

Statistiques générales
  • Ce quiz a été pris 322 fois
  • Le résultat moyen est 10 sur 15
Statistiques - réponses
Par images Réponse % Correct
Mohamed Salah
95%
Xavi Simons
90%
Martin Ødegaard
82%
Andrew Robertson
81%
Ibrahima Konaté
81%
Luis Suarez
78%
Leroy Sané
73%
Roberto Firmino
72%
Vincent Aboubakar
54%
Patrick Schick
53%
Charles de Ketelaere
47%
Islam Slimani
47%
Théo Hernandez
47%
Alex Oxlade-Chamberlain
34%
Keisuke Honda
32%
Aucun quiz correspondant
Distribution des résultats
% des personnes avec chaque résultat
Percentile par nombre de réponses
Votre historique - résultats
Vous n’avez pas pris ce quiz